Terrorismo e outras situações de emergência : (Record no. 1471)

MARC details
000 -LÍDER
Campo Fixo de Controle 01126nam a2200277 a 4500
001 - NÚMERO DE CONTROLE
Campo de Controle 1471
003 - IDENTIFICAÇÃO DO NÚMERO DE CONTROLE
Campo de Controle BR-CuiBMT
005 - DATA E HORA DA ÚLTIMA ATUALIZAÇÃO
Campo de Controle 20231212234441.0
008 - DADOS FIXOS
Dados Fixos 231211s2018 dfba 00| 0 por d
020 ## - INTERNATIONAL STANDARD BOOK NUMBER
Nº do ISBN 9788595270299
040 ## - AGÊNCIA CATALOGADORA
Código da Agência Catalogadora BR-CuiBMT
Agência que transcreveu o registro BR-CuiBMT
080 ## - Nº DA CLASSIFICAÇÃO DECIMAL UNIVERSAL
Nº edição CDU 2007
Nº Class. CDU 343.341
090 ## - NÚMERO DE CHAMADA
Nº classificação 343.341
Cutter T328
245 1# - TÍTULO PRINCIPAL
Título principal Terrorismo e outras situações de emergência :
Subtítulo teoria e prática da prevenção e do combate = Terrorism and other emergencies : theory and practice of prevention and control /
Indicação de responsabilidade organizador Carlos Eduardo de Oliveira Vasconcelos.
246 ## - FORMAS VARIANTES DO TÍTULO
Título principal Terrorism and other emergencies :
Subtítulo theory and practice of prevention and control.
260 ## - PUBLICAÇÃO, DISTRIBUIÇÃO, ETC.
Local de publicação Brasília :
Editora Escola Superior do Ministério Público da União,
Data 2018.
300 ## - DESCRIÇÃO FÍSICA
N. páginas ou volumes 351 p.:
Ilustrações il.
Dimensões 25 cm
504 ## - NOTA DE BIBLIOGRAFIA, ETC.
Nota de bibliografia Inclui bibliografia.
650 ## - ASSUNTO TÓPICO
Cabeçalho tópico ou nome geográfico Terrorismo
Subdivisão geral prevenção
650 ## - ASSUNTO TÓPICO
Cabeçalho tópico ou nome geográfico Terrorismo
Subdivisão geral legislação
Subdivisão geográfica Brasil
650 ## - ASSUNTO TÓPICO
Cabeçalho tópico ou nome geográfico Violência
Subdivisão geográfica Brasil
650 ## - ASSUNTO TÓPICO
Cabeçalho tópico ou nome geográfico Violência nos esportes
700 ## - ENTRADA SECUNDÁRIA -- NOME PESSOAL
Cód. do termo explicativo org.
Nome pessoal Vasconcelos, Carlos Eduardo de Oliveira
710 ## - ENTRADA SECUNDÁRIA -- ENTIDADE
Nome da entidade ou lugar Escola Superior do Ministério Público da União
942 ## - ELEMENTOS DE ENTRADA ADICIONAIS (KOHA)
Fonte de classificação ou esquema de arquivamento Classificação Decimal Universal
Tipo de item do Koha Livros
Holdings
Estado: removido Estado: perdido Fonte de classificação ou esquema de arquivamento Estado: danificado Indisponível para empréstimo Localização permanente Localização atual Data de aquisição Total Checkouts Número de Chamada completo Código de barras Date last seen Número do exemplar Preço efetivo a partir de Tipo de item (Koha)
    Classificação Decimal Universal     Biblioteca da Escola Superior de Contas do TCE/MT Biblioteca da Escola Superior de Contas do TCE/MT 11/12/2023   343.341 T328 BIBTCEMT23120368 11/12/2023 Ex. 1 11/12/2023 Livros
    Classificação Decimal Universal     Biblioteca da Escola Superior de Contas do TCE/MT Biblioteca da Escola Superior de Contas do TCE/MT 12/12/2023   343.341 T328 BIBTCEMT23120430 12/12/2023 Ex. 2 12/12/2023 Livros

Powered by Koha